000 004640000a22001810004500
003 MACL
005 20160107155301.0
008 160107b xxu||||| |||| 00| 0 eng d
040 _aMACL
_cMACL
041 _aEnglish
082 _a825
100 _aThe Publication Division
_921942
245 _aJawaharlal Nehur's Speeches
_b1947-1953
260 _bThe Publication Division
_c1954
_aIndia
350 _a8.50
650 _aSpeeches
_929324
942 _cBK
_k825
_2ddc
999 _c35846
_d35846